Religion, identity and change: perspectives on global transformations (Record no. 3885)

MARC details
000 -LEADER
fixed length control field 00720nam a2200217Ia 4500
020 ## - INTERNATIONAL STANDARD BOOK NUMBER
ISBN 0-7546-0450-0
082 ## - DEWEY DECIMAL CLASSIFICATION NUMBER
Classification number 306.60942 REL-
245 #0 - TITLE STATEMENT
Title Religion, identity and change: perspectives on global transformations
260 ## - PUBLICATION, DISTRIBUTION, ETC. (IMPRINT)
Place of publication Aldershot
Name of publisher Ashgate Publishing
Year of publication 2004
300 ## - PHYSICAL DESCRIPTION
Number of Pages 214p.
440 ## - SERIES STATEMENT/ADDED ENTRY--TITLE
Title Religion and Theology in Interdisciplinary Perspectives Seri
504 ## - BIBLIOGRAPHY, ETC. NOTE
Bibliography, etc includes bibliography and index
650 ## - SUBJECT ADDED ENTRY--TOPICAL TERM
Topical Term Religion and sociology - United Kingdom
650 ## - SUBJECT ADDED ENTRY--TOPICAL TERM
Topical Term Society and religion
650 ## - SUBJECT ADDED ENTRY--TOPICAL TERM
Topical Term United Kingdom - Religion - 20th century
650 ## - SUBJECT ADDED ENTRY--TOPICAL TERM
Topical Term Identity (Psychology) - religious aspects
700 ## - ADDED ENTRY--PERSONAL NAME
Personal name Coleman, Simon
700 ## - ADDED ENTRY--PERSONAL NAME
Personal name Collins, Peter
700 ## - ADDED ENTRY--PERSONAL NAME
Personal name Davies, Douglas
942 ## - ADDED ENTRY ELEMENTS (KOHA)
Koha item type Books
Holdings
Withdrawn status Lost status Damaged status Not for loan Home library Current library Date acquired Source of acquisition Bill Date Full call number Accession Number Price effective from Koha item type
        NASSDOC Library NASSDOC Library 24/11/2004 SEGM 2004-10-22 306.60942 REL- 40258 18/04/2019 Books